000
00302 a2200145 4500
001
181730
020
_a
040
_c
Magnum
100
_a
Zabot, Grenilza Maria Lis
240
1
0
_a
Roda do tempo
_l
por
245
1
0
_a
Roda do tempo
362
0
_a
1899
697
_a
MAGNITO: PARADIDATICO
942
_c
BK
999
_c
181730
_d
181730